[Event "Kronborg Chess Open 2024 GM"]
[Site "Helsingor"]
[Date "2024.05.10"]
[Round "5"]
[White "Vinter Schou, Uffe"]
[Black "Borge, Nikolaj"]
[Result "1-0"]
[WhiteElo "2340"]
[BlackElo "2389"]
[PlyCount "87"]
[EventDate "2024.05.08"]
[EventType "tourn"]
[EventRounds "9"]
[EventCountry "DEN"]
[SourceTitle "Live from Kronborg Chess Open 2024"]

1. c4 e5 2. g3 h5 3. h4 d5 4. cxd5 Qxd5 5. Nf3 Bg4 6. Nc3 Qe6 7. Bg2 Nc6 8. Ng5 Qd7 9. Qb3 Nd8 10. f3 Bf5 11. e4 Be6 12. Nxe6 Qxe6 13. Nd5 Bd6 14. Bh3 Qg6 15. Kf2 Nh6 16. d3 O-O 17. Kg2 Kh8 18. Rf1 Ne6 19. Bxe6 fxe6 20. Ne3 Be7 21. Kh2 Rf7 22. Qc2 Raf8 23. Qe2 Bf6 24. Bd2 Rd7 25. Bc3 Nf7 26. a4 Qh6 27. Nc4 g5 28. hxg5 Qxg5 29. f4 exf4 30. Bxf6+ Qxf6 31. Rxf4 Qg6 32. Ne5 Nxe5 33. Rxf8+ Kg7 34. Raf1 Rxd3 35. Qg2 Qg5 36. R8f4 Ng4+ 37. Kg1 Qc5+ 38. Kh1 Kg6 39. R4f3 Rd4 40. Rc3 Qe5 41. Qf3 Nf6 42. Rxc7 Rxe4 43. Rc5 Qxb2 44. Rc3 1-0

[Event "Kronborg Chess Open 2024 GM"]
[Site "Helsingor"]
[Date "2024.05.10"]
[Round "5"]
[White "Falkesgaard, Jeppe Hald"]
[Black "Kunin, Vitaly"]
[Result "0-1"]
[WhiteElo "2353"]
[BlackElo "2525"]
[PlyCount "74"]
[EventDate "2024.05.08"]
[EventType "tourn"]
[EventRounds "9"]
[EventCountry "DEN"]
[SourceTitle "Live from Kronborg Chess Open 2024"]

1. d4 d5 2. c4 dxc4 3. e3 e5 4. Bxc4 Nc6 5. d5 Na5 6. Nc3 Nxc4 7. Qa4+ c6 8. Qxc4 b5 9. Qe4 b4 10. Qxe5+ Qe7 11. Qxe7+ Nxe7 12. Nce2 Nxd5 13. b3 a5 14. Bb2 a4 15. Rc1 c5 16. Nf3 axb3 17. axb3 Ra2 18. Rc2 Be7 19. Nc1 Ra8 20. O-O O-O 21. e4 Nb6 22. Ne5 Bb7 23. Ncd3 f6 24. Nxc5 Bxc5 25. Rxc5 fxe5 26. Rb5 Ba6 27. Rxb6 Bxf1 28. Kxf1 Ra2 29. Bxe5 Rfxf2+ 30. Ke1 Rxg2 31. Rb8+ Kf7 32. Rb7+ Ke6 33. Bd4 Rxh2 34. Rb6+ Kd7 35. Rb7+ Kc6 36. Rxg7 Rh1+ 37. Bg1 Rxg1+ 0-1

[Event "Kronborg Chess Open 2024 GM"]
[Site "Helsingor"]
[Date "2024.05.10"]
[Round "5"]
[White "Haubro, Martin"]
[Black "Kaasen, Tor Fredrik"]
[Result "0-1"]
[WhiteElo "2416"]
[BlackElo "2451"]
[PlyCount "88"]
[EventDate "2024.05.08"]
[EventType "tourn"]
[EventRounds "9"]
[EventCountry "DEN"]
[SourceTitle "Live from Kronborg Chess Open 2024"]

1. e4 c5 2. Nf3 Nc6 3. Bb5 e6 4. Bxc6 bxc6 5. d3 Ne7 6. Nbd2 f6 7. h4 e5 8. h5 d5 9. Nf1 Be6 10. Ng3 Qd7 11. b3 Nc8 12. Nh4 g5 13. Nhf5 Nd6 14. Qf3 Nxf5 15. exf5 Bf7 16. O-O Bd6 17. a4 O-O 18. Ba3 Kh8 19. Rfe1 Rg8 20. Qg4 Rab8 21. Re3 a6 22. Rd1 Qa7 23. Rde1 Bc7 24. R1e2 h6 25. Re1 Ba5 26. Rd1 Rgd8 27. Qf3 Kg7 28. Kh2 Bb6 29. Re2 Qc7 30. Qg4 Rd7 31. Red2 Re8 32. Kg1 Qa7 33. Kf1 Red8 34. Kg1 Ba5 35. Re2 Qb6 36. Rb1 Qa7 37. Qf3 Bb6 38. Kh2 c4 39. bxc4 Bd4 40. cxd5 cxd5 41. Bb2 Qb8 42. c3 Bxc3 43. Rc2 Bd4 44. Ne2 e4+ 0-1

[Event "Kronborg Chess Open 2024 GM"]
[Site "Helsingor"]
[Date "2024.05.10"]
[Round "5"]
[White "Domalchuk Jonasson, Aleksandr"]
[Black "Hansen, Sune Berg"]
[Result "0-1"]
[WhiteElo "2370"]
[BlackElo "2513"]
[PlyCount "72"]
[EventDate "2024.05.08"]
[EventType "tourn"]
[EventRounds "9"]
[EventCountry "DEN"]
[SourceTitle "Live from Kronborg Chess Open 2024"]

1. c4 e5 2. g3 d6 3. Bg2 g6 4. Nc3 Bg7 5. Nf3 Nf6 6. O-O O-O 7. d3 Nc6 8. Rb1 a5 9. a3 h6 10. b4 axb4 11. axb4 Be6 12. Bd2 Qd7 13. Qc1 Kh7 14. Rd1 Bh3 15. Bh1 Bg4 16. Ne1 Nd4 17. f3 Be6 18. e3 Nc6 19. e4 Nh5 20. Nc2 f5 21. Rf1 Rf7 22. Qe1 Nd4 23. Nxd4 exd4 24. Ne2 Ra3 25. Ra1 Rxd3 26. Nc1 Rc3 27. Bxc3 dxc3 28. Ne2 Bxc4 29. Bg2 Qb5 30. Rf2 fxe4 31. Nxc3 Qxb4 32. Rc1 Bd4 33. Qxe4 Bxf2+ 34. Kxf2 Nf6 35. Qf4 Qc5+ 36. Ke1 Qg1+ 0-1

[Event "Kronborg Chess Open 2024 GM"]
[Site "Helsingor"]
[Date "2024.05.10"]
[Round "6"]
[White "Stefansson, Vignir Vatnar"]
[Black "Haubro, Martin"]
[Result "1/2-1/2"]
[WhiteElo "2463"]
[BlackElo "2416"]
[PlyCount "128"]
[EventDate "2024.05.08"]
[EventType "tourn"]
[EventRounds "9"]
[EventCountry "DEN"]
[SourceTitle "Live from Kronborg Chess Open 2024"]

1. d4 Nf6 2. c4 e6 3. g3 d5 4. Bg2 Bb4+ 5. Bd2 Be7 6. Nf3 Nbd7 7. O-O c6 8. Nc3 dxc4 9. a4 O-O 10. e4 c5 11. Bf4 cxd4 12. Qxd4 Qa5 13. Qxc4 Nb6 14. Qa2 Bd7 15. Nd2 Bc6 16. Nb3 Qb4 17. Bd2 Qd6 18. Rfd1 Rfd8 19. Bf4 Qb4 20. Bd2 Qd6 21. Na5 Qc5 22. Nxc6 bxc6 23. a5 Nbd7 24. Be3 Qb4 25. Rd4 Qb8 26. Rd2 Ng4 27. Bf4 e5 28. Rad1 exf4 29. Rxd7 Rxd7 30. Rxd7 Qe8 31. Rd2 fxg3 32. hxg3 Rd8 33. Rxd8 Qxd8 34. Bf3 Ne5 35. Be2 Bc5 36. Qa1 h5 37. Kg2 Qd4 38. Qe1 Bb4 39. Bxh5 Bxa5 40. Bf3 g6 41. Bd1 Bb4 42. Bb3 a5 43. f3 Bc5 44. Bc2 Nc4 45. Nd1 Nxb2 46. e5 Nxd1 47. Bxd1 Kg7 48. Bc2 Qb2 49. Qe2 a4 50. Bd3 Qd4 51. f4 a3 52. Bc4 Qg1+ 53. Kf3 Qh1+ 54. Qg2 Qe1 55. Qe2 Qh1+ 56. Qg2 Qh5+ 57. g4 Qh4 58. e6 Qf6 59. Qe2 Bd6 60. Qd2 Bc7 61. exf7 Qb2 62. Qxb2+ axb2 63. Ba2 Bd6 64. Ke4 Kf6 1/2-1/2

[Event "Kronborg Chess Open 2024 GM"]
[Site "Helsingor"]
[Date "2024.05.10"]
[Round "6"]
[White "Borge, Nikolaj"]
[Black "Heimisson, Hilmir Freyr"]
[Result "1/2-1/2"]
[WhiteElo "2389"]
[BlackElo "2378"]
[PlyCount "128"]
[EventDate "2024.05.08"]
[EventType "tourn"]
[EventRounds "9"]
[EventCountry "DEN"]
[SourceTitle "Live from Kronborg Chess Open 2024"]

1. e4 e5 2. Nf3 Nc6 3. Bc4 Nf6 4. d3 Bc5 5. c3 d6 6. b4 Bb6 7. a4 a5 8. b5 Ne7 9. Nbd2 O-O 10. O-O Ng6 11. Bb3 c6 12. Nc4 Bc7 13. Bg5 h6 14. b6 Bb8 15. Bxf6 Qxf6 16. d4 Ra6 17. Rb1 Kh8 18. Qd2 Nf4 19. Qe3 Bh3 20. g3 Bxf1 21. dxe5 dxe5 22. Kxf1 Ng6 23. Bd1 Rd8 24. Be2 Ra8 25. Nfd2 Qe7 26. Nb3 Nf8 27. Ncxa5 Ne6 28. Bg4 Bd6 29. Bxe6 fxe6 30. Ra1 Qf7 31. Nc4 Be7 32. a5 Qh5 33. Kg2 Rf8 34. f3 Bg5 35. Qe2 Be7 36. Rf1 Rad8 37. Qe3 Kg8 38. g4 Qh4 39. Nc5 Bxc5 40. Qxc5 Qf6 41. Qxe5 Rd2+ 42. Kg3 Qxe5+ 43. Nxe5 Ra8 44. Ra1 Rb2 45. Nc4 Rb3 46. Rc1 Kf8 47. Kf4 Ke7 48. Ke3 Rb5 49. Ra1 g5 50. e5 Rc5 51. Kd4 Rd5+ 52. Ke4 Rc5 53. Ra4 Rf8 54. Rb4 Rf4+ 55. Kd3 Rxf3+ 56. Kc2 Rf8 57. Kb3 Ra8 58. Ra4 Ra6 59. Ra2 Rb5+ 60. Ka4 Rc5 61. Kb4 Rb5+ 62. Ka4 Rc5 63. Kb4 Rb5+ 64. Ka4 Rc5 1/2-1/2

[Event "Kronborg Chess Open 2024 GM"]
[Site "Helsingor"]
[Date "2024.05.10"]
[Round "6"]
[White "Kunin, Vitaly"]
[Black "Hansen, Sune Berg"]
[Result "1/2-1/2"]
[WhiteElo "2525"]
[BlackElo "2513"]
[PlyCount "58"]
[EventDate "2024.05.08"]
[EventType "tourn"]
[EventRounds "9"]
[EventCountry "DEN"]
[SourceTitle "Live from Kronborg Chess Open 2024"]

1. d4 Nf6 2. c4 e6 3. Nf3 d5 4. Nc3 c5 5. e3 a6 6. a3 Nc6 7. b3 Be7 8. Be2 O-O 9. O-O cxd4 10. exd4 b6 11. Ne5 Bb7 12. Bf3 Rc8 13. Bb2 Na5 14. Rc1 dxc4 15. Bxb7 Nxb7 16. bxc4 Na5 17. Qe2 Qc7 18. Na4 Nb3 19. Rcd1 b5 20. cxb5 axb5 21. Qxb5 Rb8 22. Qe2 Rfc8 23. Rfe1 Qc2 24. Qe3 Qf5 25. Nc3 Na5 26. Qd2 Nb3 27. Qe3 Na5 28. Qd2 Nb3 29. Qe3 Na5 1/2-1/2

[Event "Kronborg Chess Open 2024 GM"]
[Site "Helsingor"]
[Date "2024.05.10"]
[Round "6"]
[White "Kaasen, Tor Fredrik"]
[Black "Domalchuk Jonasson, Aleksandr"]
[Result "1-0"]
[WhiteElo "2451"]
[BlackElo "2370"]
[PlyCount "113"]
[EventDate "2024.05.08"]
[EventType "tourn"]
[EventRounds "9"]
[EventCountry "DEN"]
[SourceTitle "Live from Kronborg Chess Open 2024"]

1. c4 e5 2. Nc3 c5 3. g3 Nc6 4. Bg2 g6 5. a3 a5 6. e3 Bg7 7. Nge2 d6 8. Nd5 Nge7 9. Nec3 Nxd5 10. Nxd5 Ne7 11. Rb1 Be6 12. Nxe7 Qxe7 13. d3 O-O 14. b4 axb4 15. axb4 Rfd8 16. Qb3 Rab8 17. b5 f5 18. Bb2 Qf7 19. O-O d5 20. Rfc1 dxc4 21. dxc4 Rd2 22. Qc3 Rbd8 23. Bd5 R8xd5 24. cxd5 Rxd5 25. Rd1 Qd7 26. Qc2 h5 27. Rxd5 Qxd5 28. e4 fxe4 29. Rd1 Qa2 30. Qxe4 Qb3 31. Rd6 Kh7 32. Bxe5 Bf5 33. Qe2 Bg4 34. f3 Bxf3 35. Qd3 Qxd3 36. Rxd3 Bxe5 37. Rxf3 Kg7 38. Kf1 c4 39. Ke2 b6 40. Ke3 Bf6 41. Ke4 c3 42. Kd3 Kf7 43. Re3 g5 44. Re4 g4 45. Rc4 Be7 46. Rc6 c2 47. Kxc2 h4 48. Rxb6 Bc5 49. Rh6 hxg3 50. hxg3 Bf2 51. Rh4 Bxg3 52. Rxg4 Bc7 53. Re4 Kf6 54. Kb3 Be5 55. b6 Kf5 56. Rxe5+ Kxe5 57. b7 1-0

[Event "Kronborg Chess Open 2024 GM"]
[Site "Helsingor"]
[Date "2024.05.10"]
[Round "6"]
[White "Falkesgaard, Jeppe Hald"]
[Black "Vinter Schou, Uffe"]
[Result "0-1"]
[WhiteElo "2353"]
[BlackElo "2340"]
[PlyCount "114"]
[EventDate "2024.05.08"]
[EventType "tourn"]
[EventRounds "9"]
[EventCountry "DEN"]
[SourceTitle "Live from Kronborg Chess Open 2024"]

1. d4 Nf6 2. c4 e6 3. Nf3 c5 4. d5 exd5 5. cxd5 d6 6. Nc3 g6 7. Bf4 a6 8. a4 Qe7 9. h3 Nbd7 10. Nd2 Ne5 11. e4 Nh5 12. Bh2 Bh6 13. Nc4 Nxc4 14. Bxc4 O-O 15. O-O Bf4 16. Qf3 Be5 17. Qe3 Bd4 18. Qd2 Bd7 19. a5 Ng7 20. Rae1 Ne8 21. Kh1 Rb8 22. f4 b5 23. axb6 Rxb6 24. e5 Bb5 25. Bxb5 Bxc3 26. bxc3 axb5 27. exd6 Qxd6 28. f5 Qd8 29. Rd1 Nd6 30. Bg1 Qc8 31. f6 Ne4 32. Qe3 Re8 33. d6 Qd7 34. Bh2 Re6 35. Ra1 Rb8 36. Qh6 Rxf6 37. Qh4 Rxf1+ 38. Rxf1 Re8 39. Re1 f5 40. Qf4 Qxd6 41. Qxd6 Nxd6 42. Rb1 Ne4 43. Bg1 Rb8 44. g4 fxg4 45. hxg4 Nxc3 46. Rb3 Na4 47. Kg2 b4 48. Kf3 c4 49. Rb1 c3 50. Ra1 c2 51. Be3 Nc3 52. Bc1 b3 53. Ra3 Nd1 54. Ke2 Re8+ 55. Kd3 Rd8+ 56. Ke4 Nc3+ 57. Ke5 Ne2 0-1

[Event "Kronborg Chess Open 2024 GM"]
[Site "Helsingor"]
[Date "2024.05.11"]
[Round "7"]
[White "Domalchuk Jonasson, Aleksandr"]
[Black "Stefansson, Vignir Vatnar"]
[Result "1-0"]
[WhiteElo "2370"]
[BlackElo "2463"]
[PlyCount "119"]
[EventDate "2024.05.08"]
[EventType "tourn"]
[EventRounds "9"]
[EventCountry "DEN"]
[SourceTitle "Live from Kronborg Chess Open 2024"]

1. Nf3 Nf6 2. g3 b6 3. Bg2 Bb7 4. O-O g6 5. c4 Bg7 6. Nc3 O-O 7. Re1 Ne4 8. Nxe4 Bxe4 9. d3 Bb7 10. e4 c5 11. d4 cxd4 12. Nxd4 Qc8 13. b3 Nc6 14. Bb2 Rd8 15. Qd2 Nxd4 16. Bxd4 Bxd4 17. Qxd4 Qc5 18. Qxc5 bxc5 19. e5 Bxg2 20. Kxg2 Rdc8 21. Rad1 Rc7 22. Rd3 Kf8 23. Red1 Ke8 24. g4 a5 25. Rh3 Kf8 26. Rxh7 Kg8 27. Rh3 a4 28. Rhd3 Raa7 29. f4 Rcb7 30. f5 axb3 31. axb3 Ra2+ 32. R3d2 Rxd2+ 33. Rxd2 gxf5 34. gxf5 Rxb3 35. Rxd7 Rc3 36. Rxe7 Rxc4 37. f6 Re4 38. Kf3 Re1 39. Kf4 c4 40. h4 c3 41. Rc7 c2 42. Rxc2 Kh7 43. Rg2 Kh8 44. Rg5 Re2 45. Kg4 Re1 46. Kf3 Rh1 47. Rg4 Re1 48. Re4 Rf1+ 49. Ke3 Rd1 50. Rf4 Kh7 51. Rg4 Kh8 52. Ke4 Rd2 53. Rg3 Rd1 54. Rg2 Rh1 55. Rg4 Rd1 56. Rg3 Rh1 57. e6 Rxh4+ 58. Ke3 Ra4 59. exf7 Ra8 60. Rh3# 1-0

[Event "Kronborg Chess Open 2024 GM"]
[Site "Helsingor"]
[Date "2024.05.11"]
[Round "7"]
[White "Haubro, Martin"]
[Black "Borge, Nikolaj"]
[Result "1-0"]
[WhiteElo "2416"]
[BlackElo "2389"]
[PlyCount "95"]
[EventDate "2024.05.08"]
[EventType "tourn"]
[EventRounds "9"]
[EventCountry "DEN"]
[SourceTitle "Live from Kronborg Chess Open 2024"]

1. e4 c5 2. Nf3 e6 3. d4 cxd4 4. Nxd4 Nc6 5. Nc3 Qc7 6. Be3 a6 7. g4 b5 8. Nxc6 Qxc6 9. Qd2 Nf6 10. f3 d6 11. O-O-O Bb7 12. Ne2 Be7 13. Kb1 O-O 14. g5 Nd7 15. h4 d5 16. Nd4 Qc7 17. h5 dxe4 18. h6 g6 19. Nxe6 fxe6 20. Qxd7 Rac8 21. Qxe6+ Rf7 22. c3 exf3 23. Bh3 Rd8 24. Bb6 Rxd1+ 25. Rxd1 Qc6 26. Qxc6 Bxc6 27. Be6 Kf8 28. Bxf7 Kxf7 29. Be3 Ke6 30. Kc2 Kf5 31. Kd2 Bd6 32. Ke1 Bg3+ 33. Kf1 Ke4 34. Bc1 Bd5 35. Rd4+ Ke5 36. b3 Be6 37. Be3 Bh3+ 38. Kg1 Be1 39. Rd8 Ke4 40. Re8+ Kf5 41. c4 bxc4 42. bxc4 Kg4 43. Bf2 Bd2 44. Re4+ Kxg5 45. Be3+ Bxe3+ 46. Rxe3 Kf4 47. Kf2 Bg2 48. Re7 1-0

[Event "Kronborg Chess Open 2024 GM"]
[Site "Helsingor"]
[Date "2024.05.11"]
[Round "7"]
[White "Heimisson, Hilmir Freyr"]
[Black "Falkesgaard, Jeppe Hald"]
[Result "1/2-1/2"]
[WhiteElo "2378"]
[BlackElo "2353"]
[PlyCount "144"]
[EventDate "2024.05.08"]
[EventType "tourn"]
[EventRounds "9"]
[EventCountry "DEN"]
[SourceTitle "Live from Kronborg Chess Open 2024"]

1. d4 d5 2. c4 c6 3. Nc3 Nf6 4. Nf3 e6 5. Bg5 Nbd7 6. e3 Qa5 7. cxd5 exd5 8. Nd2 Be7 9. Bd3 O-O 10. O-O Re8 11. Qc2 h6 12. Bh4 Qd8 13. a3 Nh5 14. Bxe7 Qxe7 15. b4 a6 16. Na4 g6 17. Rfc1 Ng7 18. Nc5 Nf6 19. Bf1 Nf5 20. Nf3 Nd6 21. Ne5 Nfe4 22. a4 Kg7 23. Nxe4 Nxe4 24. b5 axb5 25. axb5 Rxa1 26. Rxa1 c5 27. Bd3 Bf5 28. Ra7 c4 29. Bxe4 Bxe4 30. Qc3 Qg5 31. f3 Bd3 32. Qd2 Re7 33. b6 Qf6 34. Qb4 Qe6 35. Ra1 Bf5 36. e4 dxe4 37. fxe4 Bxe4 38. Re1 f5 39. Nxc4 Rd7 40. Ne5 Rd6 41. Rc1 Bc6 42. Qb2 Qd5 43. Rc5 Qxd4+ 44. Qxd4 Rxd4 45. Nxc6 bxc6 46. Rxc6 Rb4 47. Kf2 h5 48. Ke3 Kh6 49. Kd3 h4 50. Kc3 Rb1 51. Kd4 Kh5 52. Kc5 Rb2 53. Rd6 g5 54. Rd5 Rxg2 55. b7 Rb2 56. Kc6 Rxb7 57. Kxb7 Kg4 58. Kc6 f4 59. h3+ Kxh3 60. Rxg5 f3 61. Kd5 f2 62. Rf5 Kg2 63. Ke4 h3 64. Rg5+ Kh1 65. Rf5 Kg1 66. Rg5+ Kh2 67. Rf5 Kg1 68. Rg5+ Kf1 69. Kf3 h2 70. Rh5 Kg1 71. Rg5+ Kf1 72. Rh5 Kg1 1/2-1/2

[Event "Kronborg Chess Open 2024 GM"]
[Site "Helsingor"]
[Date "2024.05.11"]
[Round "7"]
[White "Vinter Schou, Uffe"]
[Black "Kunin, Vitaly"]
[Result "1/2-1/2"]
[WhiteElo "2340"]
[BlackElo "2525"]
[PlyCount "101"]
[EventDate "2024.05.08"]
[EventType "tourn"]
[EventRounds "9"]
[EventCountry "DEN"]
[SourceTitle "Live from Kronborg Chess Open 2024"]

1. Nf3 c5 2. c4 Nc6 3. Nc3 g6 4. g3 Bg7 5. Bg2 d6 6. d3 e5 7. Nd2 Nge7 8. Nf1 a6 9. Ne3 Rb8 10. h4 h5 11. Ned5 O-O 12. Bg5 f6 13. Bd2 b5 14. b3 Be6 15. e3 Qd7 16. Qe2 f5 17. O-O Rbe8 18. Rae1 b4 19. Nxe7+ Nxe7 20. Nd5 Bxd5 21. cxd5 Qb5 22. Bc1 Kh7 23. Qc2 Nc8 24. Bb2 Nb6 25. f4 Qd7 26. fxe5 Bxe5 27. Bxe5 Rxe5 28. d4 cxd4 29. exd4 Rc8 30. Qxc8 Nxc8 31. dxe5 dxe5 32. Rxe5 Nd6 33. Kh2 Nf7 34. Re6 Nh6 35. Bf3 Ng4+ 36. Bxg4 hxg4 37. Rd1 a5 38. Rd2 Kh6 39. d6 f4 40. Re4 fxg3+ 41. Kxg3 Qc6 42. Rdd4 Kh5 43. Re5+ Kh6 44. Red5 Qd7 45. Re5 Qc6 46. Kxg4 Qg2+ 47. Kf4 Qf2+ 48. Ke4 Qe2+ 49. Kd5 Qb5+ 50. Ke6 Qe8+ 51. Kd5 1/2-1/2

[Event "Kronborg Chess Open 2024 GM"]
[Site "Helsingor"]
[Date "2024.05.11"]
[Round "7"]
[White "Hansen, Sune Berg"]
[Black "Kaasen, Tor Fredrik"]
[Result "1-0"]
[WhiteElo "2513"]
[BlackElo "2451"]
[PlyCount "93"]
[EventDate "2024.05.08"]
[EventType "tourn"]
[EventRounds "9"]
[EventCountry "DEN"]
[SourceTitle "Live from Kronborg Chess Open 2024"]

1. d4 d5 2. c4 c6 3. Nf3 Nf6 4. Qb3 e6 5. Bg5 Nbd7 6. Nc3 Be7 7. e3 dxc4 8. Qxc4 a6 9. Be2 Ra7 10. e4 b5 11. Qd3 h6 12. Bh4 c5 13. O-O cxd4 14. Qxd4 Nc5 15. Qe3 g5 16. Bg3 Qb6 17. Nd4 b4 18. e5 Nfd7 19. Nb1 Bb7 20. Nd2 Bd5 21. Rac1 Rc7 22. b3 Qb7 23. f3 Nf8 24. Nc4 Bxc4 25. Rxc4 Ng6 26. Rfc1 O-O 27. Bd3 Rfc8 28. Bxg6 fxg6 29. Bf2 Kf7 30. h4 Nd7 31. hxg5 Rxc4 32. bxc4 hxg5 33. f4 g4 34. Qg3 Bc5 35. Rd1 Bxd4 36. Rxd4 Nc5 37. Qxg4 b3 38. axb3 Qxb3 39. Qh4 Qb1+ 40. Kh2 g5 41. fxg5 Qg6 42. Rf4+ Ke7 43. Rf6 Qg7 44. g6 Ke8 45. Bxc5 Rxc5 46. Rxe6+ Kd7 47. Rd6+ 1-0

[Event "Kronborg Chess Open 2024 GM"]
[Site "Helsingor"]
[Date "2024.05.11"]
[Round "8"]
[White "Stefansson, Vignir Vatnar"]
[Black "Hansen, Sune Berg"]
[Result "1-0"]
[WhiteElo "2463"]
[BlackElo "2513"]
[PlyCount "65"]
[EventDate "2024.05.08"]
[EventType "tourn"]
[EventRounds "9"]
[EventCountry "DEN"]
[SourceTitle "Live from Kronborg Chess Open 2024"]

1. d4 d5 2. c4 dxc4 3. Nf3 Nf6 4. e3 e6 5. Bxc4 a6 6. O-O Nbd7 7. a4 c5 8. Nc3 Qc7 9. Qe2 Bd6 10. a5 O-O 11. Bd2 cxd4 12. exd4 b5 13. axb6 Qxb6 14. d5 exd5 15. Nxd5 Nxd5 16. Bxd5 Bb7 17. Ba5 Qa7 18. Rfd1 Bxd5 19. Rxd5 Bb8 20. Bb4 Nf6 21. Rda5 Re8 22. Qxa6 Qxa6 23. Rxa6 Rxa6 24. Rxa6 Nd5 25. Bc5 Bf4 26. g3 Bc1 27. b4 Nc3 28. Nd4 Ne4 29. Ba7 g6 30. b5 Bb2 31. Nc6 Nd6 32. Bc5 Re6 33. Bxd6 1-0

[Event "Kronborg Chess Open 2024 GM"]
[Site "Helsingor"]
[Date "2024.05.11"]
[Round "8"]
[White "Kunin, Vitaly"]
[Black "Kaasen, Tor Fredrik"]
[Result "1/2-1/2"]
[WhiteElo "2525"]
[BlackElo "2451"]
[PlyCount "75"]
[EventDate "2024.05.08"]
[EventType "tourn"]
[EventRounds "9"]
[EventCountry "DEN"]
[SourceTitle "Live from Kronborg Chess Open 2024"]

1. d4 Nf6 2. c4 g6 3. Nc3 Bg7 4. e4 d6 5. Be2 O-O 6. Be3 a5 7. Nf3 Ng4 8. Bg5 h6 9. Bd2 e5 10. dxe5 Nxe5 11. Rc1 Nbc6 12. O-O Re8 13. Re1 Bd7 14. Nd5 Nxf3+ 15. Bxf3 Nb4 16. Bc3 Nxa2 17. Bxg7 Kxg7 18. Ra1 Nb4 19. Nxb4 axb4 20. Rxa8 Qxa8 21. c5 Qa6 22. Qd4+ Kg8 23. Qxb4 dxc5 24. Qxc5 Bc6 25. h4 Qb5 26. Qc1 h5 27. g3 Qe5 28. Rd1 Ra8 29. Bg2 Ra4 30. f4 Qe7 31. e5 Ra6 32. Qe3 Bxg2 33. Kxg2 Rb6 34. Rd2 Qe6 35. Kh2 Rb3 36. Qc5 Qg4 37. Rd8+ Kh7 38. Rh8+ 1/2-1/2

[Event "Kronborg Chess Open 2024 GM"]
[Site "Helsingor"]
[Date "2024.05.11"]
[Round "8"]
[White "Borge, Nikolaj"]
[Black "Domalchuk Jonasson, Aleksandr"]
[Result "0-1"]
[WhiteElo "2389"]
[BlackElo "2370"]
[PlyCount "70"]
[EventDate "2024.05.08"]
[EventType "tourn"]
[EventRounds "9"]
[EventCountry "DEN"]
[SourceTitle "Live from Kronborg Chess Open 2024"]

1. e4 e6 2. d4 d5 3. e5 c5 4. c3 Nc6 5. Nf3 Nge7 6. Na3 Bd7 7. Nc2 Qa5 8. Bd2 Qb6 9. Bd3 c4 10. Be2 Qxb2 11. Rb1 Qxa2 12. O-O Qa6 13. Bc1 b5 14. Qd2 Qb7 15. Qf4 Ng6 16. Qg3 a5 17. Ng5 Nge7 18. Qf3 Nd8 19. Ne3 h6 20. Qh3 Ng6 21. Nxf7 Nxf7 22. Bh5 Ne7 23. Qf3 g6 24. Bg4 Qc6 25. Qf6 Rg8 26. Ba3 Ng5 27. f3 Nh7 28. Qh4 Nf5 29. Bxf5 exf5 30. e6 Bxe6 31. Rfe1 Bxa3 32. Nxd5 Qxd5 33. Rxe6+ Qxe6 34. Re1 Qxe1+ 35. Qxe1+ Kf7 0-1

[Event "Kronborg Chess Open 2024 GM"]
[Site "Helsingor"]
[Date "2024.05.11"]
[Round "8"]
[White "Falkesgaard, Jeppe Hald"]
[Black "Haubro, Martin"]
[Result "0-1"]
[WhiteElo "2353"]
[BlackElo "2416"]
[PlyCount "118"]
[EventDate "2024.05.08"]
[EventType "tourn"]
[EventRounds "9"]
[EventCountry "DEN"]
[SourceTitle "Live from Kronborg Chess Open 2024"]

1. c4 e6 2. g3 d5 3. Bg2 Nf6 4. Nf3 d4 5. e3 c5 6. exd4 cxd4 7. d3 Nc6 8. O-O Bc5 9. Bg5 h6 10. Bxf6 gxf6 11. Nbd2 Kf8 12. a3 a5 13. b4 axb4 14. Nb3 Be7 15. axb4 Rxa1 16. Qxa1 Nxb4 17. Qxd4 Qxd4 18. Nfxd4 Nxd3 19. Nb5 Kg7 20. Ra1 Rd8 21. Na7 Bd7 22. Na5 b6 23. N5c6 Bxc6 24. Nxc6 Rd7 25. Nxe7 Rxe7 26. Rb1 Ne5 27. Rxb6 Nxc4 28. Rb7 Re8 29. Rc7 Ne5 30. f4 Ng6 31. Kf2 Rb8 32. Bf3 Rb2+ 33. Be2 f5 34. h3 Kf6 35. Rd7 h5 36. Ke3 h4 37. g4 Nxf4 38. Kxf4 Rxe2 39. gxf5 e5+ 40. Kf3 Ra2 41. Rb7 Ra3+ 42. Kg4 Ra4+ 43. Kh5 Rf4 44. Ra7 e4 45. Ra4 Kxf5 46. Ra5+ Kf6 47. Ra6+ Ke5 48. Ra5+ Kd4 49. Kg5 Rf3 50. Kxh4 Ke3 51. Kg4 f5+ 52. Kg5 Kf2 53. Ra2+ Kg3 54. h4 e3 55. Re2 f4 56. h5 Rf2 57. Re1 Rh2 58. h6 Kf2 59. Ra1 f3 0-1

[Event "Kronborg Chess Open 2024 GM"]
[Site "Helsingor"]
[Date "2024.05.11"]
[Round "8"]
[White "Vinter Schou, Uffe"]
[Black "Heimisson, Hilmir Freyr"]
[Result "0-1"]
[WhiteElo "2340"]
[BlackElo "2378"]
[PlyCount "264"]
[EventDate "2024.05.08"]
[EventType "tourn"]
[EventRounds "9"]
[EventCountry "DEN"]
[SourceTitle "Live from Kronborg Chess Open 2024"]

1. e4 e6 2. d4 d5 3. Nd2 Be7 4. Ngf3 Nf6 5. Bd3 c5 6. dxc5 dxe4 7. Nxe4 Nxe4 8. Bxe4 Qxd1+ 9. Kxd1 Bxc5 10. Ke2 Nd7 11. c4 Ke7 12. Bd2 Nf6 13. Bc2 a5 14. Bc3 b6 15. Ne5 Bb7 16. f3 Nd7 17. Nxd7 Kxd7 18. Rhd1+ Ke7 19. Ba4 Bc8 20. Rd3 f6 21. Bc6 Ra7 22. Rad1 Rc7 23. Bb5 e5 24. a3 e4 25. R3d2 Kf7 26. b4 axb4 27. axb4 Be7 28. Bd4 Bxb4 29. Bxb6 Rb7 30. Rd8 Rxd8 31. Rxd8 Bh3 32. gxh3 exf3+ 33. Kxf3 Rxb6 34. Rd7+ Be7 35. Rd5 g6 36. Rd2 f5 37. Rc2 h5 38. Bd7 Bc5 39. Rd2 Rb3+ 40. Kg2 Rc3 41. Bc6 Kf6 42. Bd5 Ke5 43. Bf7 Kf6 44. Bd5 Kg5 45. Bf7 h4 46. Re2 Kf4 47. Kf1 g5 48. Bd5 Rxh3 49. Rd2 Rc3 50. Ke2 Re3+ 51. Kf1 g4 52. Bc6 Rc3 53. Rd5 Rc1+ 54. Ke2 Bg1 55. Bd7 Bxh2 56. Rxf5+ Kg3 57. Rg5 Rxc4 58. Kf1 Rf4+ 59. Ke2 h3 60. Bc8 Re4+ 61. Kf1 Rc4 62. Bd7 Kh4 63. Rg8 Rf4+ 64. Ke2 Re4+ 65. Kf1 Rd4 66. Bc8 Rd1+ 67. Ke2 Rg1 68. Rh8+ Kg3 69. Rg8 Kf4 70. Rf8+ Kg3 71. Rg8 Rg2+ 72. Ke1 Kf4 73. Rf8+ Ke3 74. Re8+ Kd4 75. Rd8+ Kc3 76. Kf1 Rg1+ 77. Ke2 Rg2+ 78. Kf1 Bg3 79. Rf8 Bd6 80. Rg8 Bc5 81. Rxg4 Rf2+ 82. Ke1 h2 83. Rg3+ Kd4 84. Rh3 Rb2 85. Bf5 Ra2 86. Kf1 Ke5 87. Bd7 Rf2+ 88. Ke1 Kd6 89. Bg4 Ke5 90. Bd7 Rc2 91. Kf1 Bd6 92. Ba4 Rc1+ 93. Kg2 Ra1 94. Bc6 Kd4 95. Kf2 Rc1 96. Bb7 Rc2+ 97. Kf1 Bf4 98. Ba8 Ra2 99. Bb7 Ke5 100. Bc6 Kf5 101. Bf3 Kg5 102. Rh5+ Kg6 103. Rh3 Kf6 104. Be4 Ke5 105. Bc6 Kd4 106. Bb7 Ra7 107. Bc6 Rg7 108. Bg2 Rg5 109. Kf2 Be5 110. Ra3 Rg7 111. Rf3 Bd6 112. Rh3 Rf7+ 113. Rf3 Rh7 114. Bh1 Be5 115. Rf5 Ra7 116. Kg2 Rg7+ 117. Kf2 Rg1 118. Bf3 h1=Q 119. Bxh1 Rxh1 120. Kf3 Rf1+ 121. Kg4 Rg1+ 122. Kf3 Rg3+ 123. Kf2 Ra3 124. Rf3 Ra2+ 125. Ke1 Ke4 126. Rb3 Bf4 127. Kd1 Be3 128. Rb4+ Kf3 129. Rb8 Rd2+ 130. Ke1 Rd7 131. Rf8+ Bf4 132. Re8 Bg3+ 0-1